| 000 | 00864aam a2200301 i 4500 | ||
|---|---|---|---|
| 001 | 768714001 | ||
| 003 | CO-MdFUSB | ||
| 005 | 20250507155207.0 | ||
| 007 | ta | ||
| 008 | 250507t1991 mx |||| |||| 00| 0 spa d | ||
| 020 | _a968-6529-03-9 | ||
| 040 | _cCO-MdFUSB | ||
| 041 | 0 | _aspa | |
| 082 | 0 | 4 |
_223 _a241.66 _bL9757c |
| 100 | 1 |
_aLutzer, Erwin _eautor |
|
| 240 | _aLiving with your passions | ||
| 245 | 1 | 0 |
_aCómo vivir con sus pasiones : _bgracia y poder divinos para controlar sus deseos sexuales _c/ Erwin Lutzer |
| 264 | 1 |
_bEdiciones Las Américas, _aPuebla, México : _c[1991] |
|
| 264 | 4 | _c©1991 | |
| 300 | _a208 páginas | ||
| 336 |
_atexto _btxt _2rdacontent |
||
| 337 |
_2rdamedia _asin mediación _bn |
||
| 338 |
_2rdacarrier _avolumen _bnc |
||
| 563 | _aRústico | ||
| 653 | _aÉtica sexual | ||
| 942 | _cBK | ||
| 945 | _aJTF-925 | ||
| 999 |
_c42912 _d42912 |
||